000 00686nam a2200181 a 4500
001 000043075
005 20201002040623.0
008 140218s2000 xxkac 001 0 spa d
020 _a0304355291
040 _aDO-SdBNP
_bspa
_cBNPHU
100 1 _aChamberlain, Peter
_970598
245 1 0 _aBritish And American Tanks Of World War Two. :
_bthe complete illustrated history of British, American and Commonwealth tanks 1939-1945 /
_cPeter Chamberlain, Chris Ellis.
260 _aLondon, :
_bCassell & company,
_c2000.
300 _a222 p. :
_bil., retrs. ;
_c28 cm.
504 _aBibliografía p: 217
500 _aLa biblioteca posee la reimpresión del 2001
700 1 _aEllis, Chris
_970599
999 _c42564
_d42564